| 000 | 01041nam a22002535i 4500 | ||
|---|---|---|---|
| 001 | 158637 | ||
| 003 | ES-MaACL | ||
| 005 | 20250901041015.0 | ||
| 008 | 940202s1885 fr |||| | fre d | ||
| 040 |
_aCAM _bspa |
||
| 080 | _a159.925.2 | ||
| 080 | _a159.942 | ||
| 100 | 1 |
_aMantegazza, Paolo. _976147 |
|
| 245 | 1 | 3 |
_aLa physionomie et l'expression des sentiments / _cpar P. Mantegazza ; avec huic planches hors texte d'après les dessins originaux d'Hector Ximenès. |
| 260 |
_aParis : _bAncienne Librairie Germer Baillière : _bFélix Alcan, _c1885. |
||
| 300 |
_aVIII, 264 p., [8] h. lám. ; _c22 cm. |
||
| 490 | 1 |
_aBibliothèque scientifique internationale ; _v49 |
|
| 650 | 0 | 4 |
_aFisiognomía. _912889 |
| 650 | 7 |
_aEmociones y sentimientos _2embne _912196 |
|
| 700 | 1 |
_aXimenès, Hector. _9147541 |
|
| 830 | 0 |
_aBibliothèque scientifique internationale ; _v49 _9186949 |
|
| 852 |
_aES-MaACL _jF-14378 _z-- Enc. editorial en tela _x-- Edic.: El imp. es: Versailles : Cerf et fils imprimeurs |
||
| 999 |
_c158637 _d158637 |
||